00559nam a2200157Ia 4500008004100000100002500041245006700066245004900133260005900182260000900241650001800250650001500268856002600283999001900309952007300328170221s9999 xx 000 0 und d aMuhammad Khalil Khan aAnchorperson: An Emerging Phenomenon in the Electronic Media  cMuhammad Khalil Khan, Farish Ullah Yousafzai bOnline Journal of Communication and Media Technologies c2016 xCommunication xMedia Arts uhttp://www.ojcmt.net/ c309122d309122 001040aCLbCLd2017-02-21l0r2017-02-21 00:00:00w2017-02-21yFOJ